| 000 | 00809nam a2200181 i 4500 | ||
|---|---|---|---|
| 001 | 123128 | ||
| 003 | ES-MaACL | ||
| 005 | 20230906192121.0 | ||
| 007 | t| | ||
| 008 | 070214q1931 sp r ||||0| spa d | ||
| 245 | 0 | 0 |
_aProyectos de leyes convenientes y necesarias para resolver el problema de Marruecos en sus distintos aspectos administrativo, comercial, colonial y militar _b: reformas o abandono. |
| 260 |
_aBarcelona : _b[s. n.], _c[1931?] ( _fImp. de la revista "España en África") |
||
| 300 |
_a32 p : _bil ; _c31 cm. |
||
| 594 | _aPrecede al tít.: Centros Comerciales Hispano Marroquíes (fundados en 1904); Revista "España en Marruecos" (fundada en 1903) | ||
| 650 | 4 |
_aDerecho colonial- _zMarruecos. _9159153 |
|
| 651 | 4 |
_aMarruecos- _xAdministración. _9159154 |
|
| 852 |
_aES-MaACL _j1755-F-15 |
||
| 999 |
_c123128 _d123128 |
||